| 000 | 01096cab a2200277 4500 | ||
|---|---|---|---|
| 001 | ABS57577 | ||
| 008 | 090401t1997 xxu||||| |||| 00| 0 eng d | ||
| 035 | _a(Sirsi) u80710 | ||
| 041 | _aeng | ||
| 100 | _aMansfield, J.R. | ||
| 245 | _aAuthorised property unit trusts : opportunities and threats | ||
| 260 | _c1997 | ||
| 350 | _a0 | ||
| 490 |
_aJournal of Financial Management of Property and Construction _v2(1) March 1997, 35-43(9) |
||
| 520 | _aDiscusses the performance of the two Authorised Property Unit Trusts (APUT) launched in 1991, concluding that adjustments to the regulatory system in May 1996 have not been sufficient to encourage a more active participation in the property market. References. | ||
| 650 | _aAPUT | ||
| 650 | _aAUTHORISED PROPERTY UNIT TRUSTS | ||
| 650 | _aBARCLAY UNICORN PROPERTY UNIT TRUST | ||
| 650 | _aINVESTMENT FUNDS | ||
| 650 | _aNORWICH PROPERTY TRUST | ||
| 650 | _aSECURITISATION | ||
| 650 | _aSTOCK EXCHANGE | ||
| 690 | _aPROPERTY-COMMERCIAL PROPERTY-COMMERCIAL PROPERTY FINANCE AND INVESTMENT | ||
| 942 | _n0 | ||
| 948 | _c08/09/1997 | ||
| 999 |
_c50812 _d50812 |
||